Estatísticas para Capitais mundiais mais próximas de Singapura - corrida de 15 segundos

Clique aqui para jogar o quiz

Estatísticas Gerais

  • Esse quiz foi jogado 5 vezes
  • A pontuação média é 3 de 20

Estatísticas das Respostas

kmcapital% Correto
902Jakarta
100%
1296Bandar Seri Begawan
40%
309Kuala Lumpur
40%
1426Banguecoque
20%
2652Díli
20%
2198Hanói
20%
2391Manila
20%
3481Ngerulmud
20%
3530Catmandu
0%
2720Colombo
0%
2881Daca
0%
4813Islamabad
0%
3380Malé
0%
2210Naypyidaw
0%
4142Nova Deli
0%
4465Pequim
0%
1142Phnom Penh
0%
3250Taipé
0%
3274Thimbu
0%
1855Vientiane
0%

Distribuição das Pontuações

Percentil de Números Respondidos

Porcentagem de Pessoas com Cada Pontuação

Sua Pontuação Histórica

Você não jogou esse quiz